| 000 | 00774nam a22002297a 4500 | ||
|---|---|---|---|
| 003 | MX-MxUPN | ||
| 005 | 20250930075126.0 | ||
| 008 | 250819s2002 mx ||||fr|||| 000 0 spa d | ||
| 040 |
_aMX-MxUPN _bspa _cMX-MxUPN |
||
| 041 | 0 | _aspa | |
| 050 | 1 | 4 |
_aLA422 _bM4 2002 |
| 110 | 1 |
_aMéxico. _bSecretaría de Educación Pública _944381 |
|
| 245 | 1 | 0 |
_aMéxico : _b plan nacional de educación para todos 2002-2015 |
| 260 |
_aMéxico : _bSEP, _c2002. |
||
| 300 | _a88 páginas | ||
| 500 | _aEn portada: Nota manuscrita "última versión" | ||
| 500 | _aEn portada: "Documento de trabajo" | ||
| 650 | 4 |
_aEducación _zMéxico _vPlanes y programas _94840 |
|
| 650 | 4 |
_aEducación de adultos y Estado _zMéxico _955250 |
|
| 902 | _aBerenice Martínez/190825 | ||
| 942 |
_2lcc _cLIBRO |
||
| 999 |
_c213812 _d213812 |
||